| 000 | 00578nam a2200181 a 4500 | ||
|---|---|---|---|
| 001 | 568 | ||
| 003 | CDMR | ||
| 005 | 20130116135156.0 | ||
| 008 | 130130s1962||||||||||||||||||||||||||||d | ||
| 040 |
_aCDMR _bcat _cCDMR |
||
| 110 | 2 |
_aInstitut International de la Presse _9418 |
|
| 245 | 1 | 0 |
_aConseils de presse et codes d'honneur professionnels _cInstitut International de la Presse. Service de recherches |
| 260 |
_aZurich _c1962 _bInstitut International de la Presse |
||
| 300 |
_a80 p ; _c26 cm |
||
| 500 | _aExemplar fotocopiat | ||
| 650 | 0 | 4 |
_aCodis deontològics _9419 |
| 942 | _cMON | ||
| 999 |
_c568 _d568 |
||